Najludniejsze miasta Europy - nagła śmierć - Statystyki

Ogólne statystyki
  • Ten quiz został rozwiązany 827 razy
    360 od ostatniego zresetowania
  • Średni wynik to 5 z 15
Answers on the Grid
Answers color-coded by a green-red scale on the quiz's grid according to % correct below.
Moskwa
Stambuł
Barcelona
Sofia
Belgrad
Bukareszt
Wiedeń
Budapeszt
Warszawa
Mediolan
Hamburg
Mińsk
Praga
Ryga
Ekaterinburg
Berlin
Kijów
Madryt
Neapol
Amsterdam
Paryż
Tbilisi
Kazań
Londyn
Charków
Rzym
Birmingham
Sankt Petersburg
Lyon
Marsylia
 
Statystyki odpowiedzi
Odpowiedź % Poprawnych
Londyn
58%
Moskwa
54%
Paryż
51%
Berlin
45%
Madryt
45%
Rzym
42%
Stambuł
41%
Sankt Petersburg
38%
Warszawa
31%
Kijów
27%
Wiedeń
22%
Budapeszt
13%
Hamburg
12%
Bukareszt
8%
Mińsk
8%
Nie znaleziono quizów pasujących do podanych kryteriów
Rozkład punktacji
Procent ludzi z każdym wynikiem
Percentyl według liczby udzielonych odpowiedzi
Twoja historia wyników
Nie rozwiązałeś tego quizu od ostatniego zresetowania